00621nam a2200181Ia 4500008004100000040001900041041001200060082001900072245009100091260004200182300001800224440002300242650003400265850001800299942000700317999001700324952009800341131103s9999 xx 000 0 und d aLoreto College aEnglish a825/BURbLCLIB 4aThe Works of the right honourable Edmund BurkecWith an introduction by Frank H. Wills aLondonbOxford University Pressc1797 aV.3 c 12c.m. aThe World Classics aEnglish literaturen - speachs aLCLIB/825/BUR cBK c22699d73178 01102ddc4070aMAINbMAINd2013-11-04l0o825/BUR LCLIBpB25139r2013-11-04w2013-11-04yBK